000 01533nam0a2200385 4500
001 RU\NLR\BIBL_A\012687378
005 20220218104613.0
010 _a978-5-00116-491-3
_98000
021 _aRU
_bКН-П-21-061302
_9КН-П-21-4799
035 _a(NLR Aleph) 012687378
035 _a(RuMoRGB)010794157
090 _a12835249
_c12835249
100 _a20220118d2021 b y0rusy50 ca
101 0 _arus
102 _aRU
105 _aa z 000ay
181 0 _ai
_baxxe
181 0 _ab
_baxxe
182 0 _an
200 1 _aНе хочу! Не буду!
_eсказка для капризуль
_e[для детей младше 6 лет]
_fЖеня Григорьева
_gиллюстрации Рины Зенюк
203 _aТекст
_aИзображение
_bвизуальные
_cнепосредственные
210 _aСанкт-Петербург [и др.]
_cПитер
_d2021
215 _a[26] с.
_cцв. ил.
_d20
225 1 _aСказки мамы кошки
_iКапризный малыш
225 1 _aСерия "Вы и ваш ребёнок"
225 1 _aПолезные сказки
333 _a0+
686 0 _aШ9(2)60=Р7-2
700 1 _7ca
_8rus
_aГригорьева
_bЖ.
_cдет. писатель
_gЖеня
_9237182
_3RU\NLR\AUTH\770237238
702 1 _4440
_7ca
_8rus
_aЗенюк
_bР.
_cхудожник
_gРина
_9237184
_3RU\NLR\AUTH\770237240
942 _cBOOK
980 _aNB